[Event "241st YMCA Spring B"]
[Site "Warsaw"]
[Date "2021.04.15"]
[Round "1"]
[White "Szumigaj, Marcin"]
[Black "Safanowski, Tomasz"]
[Result "1-0"]
[WhiteElo "1460"]
[BlackElo "1771"]
[PlyCount "51"]
[EventDate "2021.04.14"]
[EventType "tourn"]
[EventRounds "1"]
[EventCountry "POL"]
[SourceDate "2021.04.14"]

1. d4 d5 2. c4 c6 3. Nf3 Nf6 4. Nc3 a6 5. c5 g6 6. g3 Bg7 7. Bg2 O-O 8. O-O
Nbd7 9. Qc2 Re8 10. Rd1 b6 11. b4 a5 12. b5 bxc5 13. bxc6 Nb8 14. c7 Qxc7 15.
Bf4 Qd8 16. Nb5 Bf5 17. Qxc5 Na6 18. Qc6 Nb4 19. Qb7 e5 20. Bxe5 Rxe5 21. Nxe5
Ne8 22. Qxf7+ Kh8 23. Qb7 Bxe5 24. dxe5 Rb8 25. Qf7 Rxb5 26. Qf8# 1-0

[Event "241st YMCA Spring B"]
[Site "Warsaw"]
[Date "2021.04.14"]
[Round "1"]
[White "Sloniewska, Alicja"]
[Black "Kuznik, Kamil"]
[Result "0-1"]
[WhiteElo "1614"]
[BlackElo "1505"]
[PlyCount "78"]
[EventDate "2021.04.14"]
[EventType "tourn"]
[EventRounds "1"]
[EventCountry "POL"]
[SourceDate "2021.04.14"]

1. d4 Nf6 2. c4 g6 3. Nc3 d5 4. cxd5 Nxd5 5. Bd2 Bg7 6. e4 Nxc3 7. Bxc3 O-O 8.
Be2 c5 9. d5 e6 10. Nf3 exd5 11. exd5 Bf5 12. O-O Be4 13. Bc4 Nd7 14. Nd2 Bf5
15. Bxg7 Kxg7 16. Qf3 Ne5 17. Qc3 f6 18. Bb3 Bd3 19. Rfe1 c4 20. Bxc4 Bxc4 21.
Nxc4 Rc8 22. Rxe5 fxe5 23. Qxe5+ Qf6 24. Qxf6+ Rxf6 25. Ne3 Rf4 26. Rd1 Kf6 27.
g3 Re4 28. Kg2 Ra4 29. a3 Ke5 30. Re1 Kd6 31. f4 Rd4 32. Re2 Re4 33. Kf3 Rce8
34. g4 Kd7 35. f5 gxf5 36. gxf5 Rh4 37. f6 Ree4 38. Nf5 Rxe2 39. f7 Rf2+ 0-1

[Event "241st YMCA Spring B"]
[Site "Warsaw"]
[Date "2021.04.15"]
[Round "1"]
[White "Dropia, Rafal"]
[Black "Kwiek, Janusz"]
[Result "1-0"]
[WhiteElo "1567"]
[BlackElo "1488"]
[PlyCount "59"]
[EventDate "2021.04.14"]
[EventType "tourn"]
[EventRounds "1"]
[EventCountry "POL"]
[SourceDate "2021.04.14"]

1. d4 Nf6 2. Bf4 e6 3. Nf3 d5 4. e3 Bd6 5. Bg3 O-O 6. Bd3 c5 7. c3 Nc6 8. Nbd2
c4 9. Bc2 b5 10. e4 dxe4 11. Nxe4 Nxe4 12. Bxe4 Bb7 13. Bxd6 Qxd6 14. Ng5 g6
15. h4 Na5 16. Qf3 Bxe4 17. Nxe4 Qe7 18. Nf6+ Kg7 19. h5 h6 20. Ng4 g5 21. Ne5
Qb7 22. Qg3 b4 23. O-O bxc3 24. bxc3 Qd5 25. f4 f6 26. fxg5 fxg5 27. Ng6 Rxf1+
28. Rxf1 Rc8 29. Ne7 Qd8 30. Qe5+ 1-0

[Event "241st YMCA Spring B"]
[Site "Warsaw"]
[Date "2021.04.15"]
[Round "1"]
[White "Nawalaniec, Adam"]
[Black "Kwiecinski, Rafal"]
[Result "1-0"]
[WhiteElo "1639"]
[BlackElo "1542"]
[PlyCount "65"]
[EventDate "2021.04.14"]
[EventType "tourn"]
[EventRounds "1"]
[EventCountry "POL"]
[SourceDate "2021.04.14"]

1. e4 c5 2. Nf3 Nc6 3. d4 cxd4 4. Nxd4 e5 5. Nb5 d6 6. N1c3 a6 7. Na3 Nf6 8.
Be3 Ng4 9. Nd5 Nxe3 10. Nxe3 Be6 11. Be2 Be7 12. c3 O-O 13. O-O b5 14. Nac2 Qb8
15. Bg4 Qc8 16. Nf5 Rd8 17. Nb4 Bf8 18. Nd5 Rb8 19. Qf3 Rb7 20. Qg3 Kh8 21. Qh4
Qb8 22. Rad1 Bxd5 23. exd5 Ne7 24. Ne3 Ng6 25. Qg3 Be7 26. Nf5 Bf6 27. Rfe1 Rc8
28. Nxd6 Bh4 29. Qf3 Qxd6 30. Bxc8 Rc7 31. Bf5 Rc4 32. Bxg6 Rf4 33. Qxf4 1-0

[Event "241st YMCA Spring B"]
[Site "Warsaw"]
[Date "2021.04.15"]
[Round "1"]
[White "Mazurek, Jerzy"]
[Black "Jaroszuk, Marcin"]
[Result "1-0"]
[WhiteElo "1720"]
[BlackElo "1544"]
[PlyCount "69"]
[EventDate "2021.04.14"]
[EventType "tourn"]
[EventRounds "1"]
[EventCountry "POL"]
[SourceDate "2021.04.14"]

1. d4 Nf6 2. c4 e6 3. Nc3 d5 4. cxd5 exd5 5. Bg5 c6 6. Qc2 Be7 7. e3 O-O 8. Bd3
Re8 9. Nge2 h6 10. Bh4 Ne4 11. Bxe7 Qxe7 12. Bxe4 dxe4 13. Ng3 f5 14. O-O Na6
15. f3 exf3 16. Rxf3 g6 17. Raf1 Be6 18. e4 Bc4 19. Rd1 Nb4 20. Qd2 fxe4 21.
Ncxe4 Kg7 22. d5 Bxd5 23. Qd4+ Qe5 24. Qxb4 Bxe4 25. Re3 a5 26. Qxb7+ Re7 27.
Qxa8 Qc5 28. Nf1 Bd5 29. Rde1 Bc4 30. Kh1 Rf7 31. Ng3 Rf2 32. Re7+ Bf7 33. Qa7
Qxa7 34. Rxa7 Rxb2 35. Rf1 1-0

[Event "241st YMCA Spring B"]
[Site "Warsaw"]
[Date "2021.04.22"]
[Round "2"]
[White "Safanowski, Tomasz"]
[Black "Jaroszuk, Marcin"]
[Result "1-0"]
[WhiteElo "1771"]
[BlackElo "1544"]
[PlyCount "87"]
[EventDate "2021.04.14"]
[EventType "tourn"]
[EventRounds "1"]
[EventCountry "POL"]
[SourceDate "2021.04.14"]

1. f4 e5 2. fxe5 d6 3. exd6 Bxd6 4. Nf3 Nf6 5. d4 Nc6 6. Bg5 O-O 7. Nc3 Re8 8.
Qd2 h6 9. Bh4 Bg4 10. O-O-O Be7 11. h3 Bf5 12. e3 Ne4 13. Nxe4 Bxe4 14. Bxe7
Qxe7 15. Bd3 Bxd3 16. Qxd3 Qxe3+ 17. Qxe3 Rxe3 18. Rhe1 Rae8 19. Rxe3 Rxe3 20.
Kd2 Re8 21. c4 Kf8 22. Kd3 a5 23. a3 a4 24. d5 Ne5+ 25. Nxe5 Rxe5 26. Rd2 b6
27. Kc3 Ke7 28. Kb4 Kd6 29. Kxa4 Kc5 30. Rc2 Re8 31. b4+ Kd6 32. Kb5 Re5 33. a4
Re8 34. c5+ bxc5 35. bxc5+ Kd7 36. a5 Rb8+ 37. Kc4 Ra8 38. Ra2 c6 39. a6 cxd5+
40. Kxd5 Ra7 41. c6+ Kc7 42. Kc5 f5 43. Kb5 f4 44. Rd2 1-0

[Event "241st YMCA Spring B"]
[Site "Warsaw"]
[Date "2021.04.22"]
[Round "2"]
[White "Kwiecinski, Rafal"]
[Black "Mazurek, Jerzy"]
[Result "1/2-1/2"]
[WhiteElo "1542"]
[BlackElo "1673"]
[PlyCount "103"]
[EventDate "2021.04.14"]
[EventType "tourn"]
[EventRounds "1"]
[EventCountry "POL"]
[SourceDate "2021.04.14"]

1. e4 e5 2. Bc4 Nf6 3. d3 c6 4. Qe2 d5 5. Bb3 a5 6. c3 Bd6 7. Bg5 a4 8. Bc2 h6
9. Bxf6 Qxf6 10. Nd2 O-O 11. Ngf3 Be6 12. h3 Nd7 13. g4 Qe7 14. Rg1 g6 15. h4
b5 16. Qe3 Kg7 17. h5 g5 18. a3 Rfe8 19. Kf1 Nf6 20. Nxg5 hxg5 21. Qxg5+ Kh7
22. exd5 cxd5 23. d4+ e4 24. f3 Nxg4 25. Rxg4 Qxg5 26. Rxg5 Bf4 27. Rg2 Bh3 28.
Nxe4 Bxg2+ 29. Kxg2 Kh8 30. Rf1 Rg8+ 31. Kh3 dxe4 32. fxe4 Rg3+ 33. Kh4 Bc7 34.
e5 Rag8 35. Bg6 R3xg6 36. hxg6 fxg6 37. Kg4 Kg7 38. Rf6 Re8 39. Rc6 Bxe5 40.
dxe5 Rxe5 41. Rb6 g5 42. Kh5 Kf7 43. Kg4 Ke7 44. Kf3 Kd7 45. Rg6 Kc7 46. Kf2
Kb7 47. Kf3 Kc7 48. Kf2 Kb7 49. Kf3 Kc8 50. Rc6+ Kd7 51. Rg6 Ke7 52. Rb6 $11
1/2-1/2

[Event "241st YMCA Spring B"]
[Site "Warsaw"]
[Date "2021.04.22"]
[Round "2"]
[White "Kwiek, Janusz"]
[Black "Nawalaniec, Adam"]
[Result "0-1"]
[WhiteElo "1488"]
[BlackElo "1639"]
[PlyCount "128"]
[EventDate "2021.04.14"]
[EventType "tourn"]
[EventRounds "1"]
[EventCountry "POL"]
[SourceDate "2021.04.14"]

1. c4 e5 2. Nc3 Nc6 3. Nf3 f5 4. d3 Nf6 5. Bg5 Be7 6. Nd5 Nxd5 7. cxd5 Bxg5 8.
dxc6 dxc6 9. Nxe5 Qe7 10. Nf3 Qb4+ 11. Nd2 Qxb2 12. e3 O-O 13. Qb3+ Qxb3 14.
Nxb3 b6 15. d4 Re8 16. Bc4+ Kf8 17. h4 Bf6 18. O-O-O a5 19. a4 Bd7 20. Kc2 Rad8
21. Bd3 Be6 22. Nd2 Re7 23. g4 g6 24. g5 Bg7 25. h5 Kg8 26. hxg6 hxg6 27. Bc4
Bxc4 28. Nxc4 Rd5 29. Rh4 Red7 30. Rdh1 c5 31. Ne5 R7d6 32. Nc4 Re6 33. dxc5
Rxc5 34. Rd1 Re4 35. Rxe4 fxe4 36. Kb3 Rxg5 37. Rd8+ Kh7 38. Rd7 b5 39. Nxa5
bxa4+ 40. Kxa4 Rg2 41. Rxc7 Rxf2 42. Re7 g5 43. Rxe4 Kg6 44. Nc4 Kh5 45. Re7
Bf6 46. Rf7 g4 47. Rf8 g3 48. Rg8 g2 49. Rg3 Kh4 50. Rxg2 Rxg2 51. Kb5 Re2 52.
Kc5 Kg5 53. Kd5 Bc3 54. e4 Kf6 55. Nd6 Rd2+ 56. Kc6 Ke6 57. Nc4 Rd4 58. Nb6
Rxe4 59. Na8 Ba5 60. Kb5 Re5+ 61. Ka6 Kd6 62. Kb7 Re7+ 63. Ka6 Rd7 64. Kb5 Ra7
0-1

[Event "241st YMCA Spring B"]
[Site "Warsaw"]
[Date "2021.04.21"]
[Round "2"]
[White "Kuznik, Kamil"]
[Black "Dropia, Rafal"]
[Result "0-1"]
[WhiteElo "1505"]
[BlackElo "1567"]
[PlyCount "72"]
[EventDate "2021.04.14"]
[EventType "tourn"]
[EventRounds "1"]
[EventCountry "POL"]
[SourceDate "2021.04.14"]

1. e4 c5 2. Nf3 a6 3. Nc3 Nc6 4. d4 cxd4 5. Nxd4 e5 6. Nb3 Bb4 7. Bd2 Nf6 8.
Bd3 O-O 9. Nd5 Bxd2+ 10. Qxd2 d6 11. O-O-O Nxd5 12. exd5 Ne7 13. f3 Bf5 14. g4
Bxd3 15. Qxd3 Ng6 16. Nd2 Nf4 17. Qe4 Qa5 18. Kb1 b5 19. h4 Rac8 20. h5 Qc7 21.
Rh2 Nxd5 22. Nf1 Nf4 23. Ne3 Rcd8 24. g5 f5 25. gxf6 Rxf6 26. Ng4 Re6 27. Ne3
d5 28. Nxd5 Red6 29. Rhd2 Qf7 30. Qxe5 Rxd5 31. Rxd5 Rxd5 32. Rxd5 Nxd5 33.
Qb8+ Qf8 34. Qe5 Qxf3 35. Qe8+ Qf8 36. Qe6+ Kh8 0-1

[Event "241st YMCA Spring B"]
[Site "Warsaw"]
[Date "2021.04.23"]
[Round "2"]
[White "Szumigaj, Marcin"]
[Black "Sloniewska, Alicja"]
[Result "0-1"]
[WhiteElo "1460"]
[BlackElo "1614"]
[PlyCount "60"]
[EventDate "2021.04.14"]
[EventType "tourn"]
[EventRounds "1"]
[EventCountry "POL"]
[SourceDate "2021.04.14"]

1. e4 c6 2. d4 d5 3. Nd2 dxe4 4. Nxe4 Bf5 5. Ng3 Bg6 6. h4 h6 7. Nf3 Nd7 8. h5
Bh7 9. Bd3 Bxd3 10. Qxd3 Ngf6 11. Bd2 e6 12. O-O-O Be7 13. Kb1 O-O 14. Ne4 Nxe4
15. Qxe4 Nf6 16. Qe2 Qd5 17. Ne5 Qe4 18. Qxe4 Nxe4 19. Be3 f5 20. Ng6 Rf7 21.
Nf4 Bg5 22. Rhf1 Re8 23. Bc1 Rd7 24. Ng6 Bf6 25. Be3 Red8 26. Kc1 Bxd4 27. Rde1
Bxe3+ 28. fxe3 Ng3 29. Rf2 Nxh5 30. e4 fxe4 0-1

[Event "241st YMCA Spring B"]
[Site "Warsaw"]
[Date "2021.04.30"]
[Round "3"]
[White "Sloniewska, Alicja"]
[Black "Safanowski, Tomasz"]
[Result "1-0"]
[WhiteElo "1614"]
[BlackElo "1771"]
[PlyCount "107"]
[EventDate "2021.04.14"]
[EventType "tourn"]
[EventRounds "1"]
[EventCountry "POL"]
[SourceDate "2021.04.14"]

1. d4 d6 2. c4 e5 3. dxe5 dxe5 4. Qxd8+ Kxd8 5. Nc3 Be6 6. b3 Bc5 7. Bb2 Nd7 8.
e3 Ngf6 9. O-O-O Ng4 10. Nh3 Nxf2 11. Nxf2 Bxe3+ 12. Rd2 f5 13. Kc2 Bxd2 14.
Kxd2 Ke7 15. g3 Rad8 16. Bg2 c6 17. Ke3 g5 18. Ke2 Rhe8 19. g4 fxg4 20. Nce4 h6
21. Ba3+ Kf7 22. Nd6+ Kg7 23. Nxe8+ Rxe8 24. Ne4 b5 25. Nd6 Rb8 26. Bxc6 bxc4
27. Bxd7 Bxd7 28. Nxc4 Be6 29. Rc1 h5 30. Bb2 Bxc4+ 31. Rxc4 Kg6 32. Rc5 Kf5
33. Rxe5+ Kf4 34. Rc5 Re8+ 35. Kf2 Ke4 36. Rxg5 Kd3 37. Rd5+ Ke4 38. Rxh5 Rc8
39. Re5+ Kd3 40. Re2 Rf8+ 41. Ke1 a5 42. Rd2+ Ke4 43. Ke2 Rc8 44. Rd4+ Kf5 45.
Rc4 Re8+ 46. Kf2 Rd8 47. Rc2 Rd3 48. Bc3 a4 49. b4 Ke4 50. Re2+ Kf4 51. Bd2+
Kf5 52. Be3 Rd1 53. Rb2 Ke4 54. b5 1-0

[Event "241st YMCA Spring B"]
[Site "Warsaw"]
[Date "2021.04.29"]
[Round "3"]
[White "Dropia, Rafal"]
[Black "Szumigaj, Marcin"]
[Result "1/2-1/2"]
[WhiteElo "1567"]
[BlackElo "1460"]
[PlyCount "90"]
[EventDate "2021.04.14"]
[EventType "tourn"]
[EventRounds "1"]
[EventCountry "POL"]
[SourceDate "2021.04.14"]

1. d4 Nf6 2. Bf4 e6 3. e3 c5 4. Nf3 Qb6 5. Nc3 Nh5 6. d5 Nxf4 7. exf4 Be7 8.
Qd2 O-O 9. O-O-O d6 10. g4 Na6 11. Ng5 Rd8 12. a3 Qa5 13. Bc4 Bxg5 14. fxg5 e5
15. f4 Bxg4 16. Rdf1 Nc7 17. fxe5 dxe5 18. Qf2 Bh5 19. Qe3 b5 20. Qxc5 Rac8 21.
Bb3 Nxd5 22. Qxb5 Qxb5 23. Nxb5 a6 24. Bxd5 Rxd5 25. Nc3 Rdc5 26. Rf2 Kf8 27.
Re1 Bg6 28. Ree2 Ke7 29. Na4 Ra5 30. b3 e4 31. h4 f5 32. gxf6+ gxf6 33. Nb6 Rc6
34. Nc4 Rac5 35. Kd2 Ke6 36. Ke3 a5 37. a4 f5 38. Kf4 Bf7 39. Rd2 Kf6 40. Ne3
h6 41. Rd7 Be6 42. Rh7 Kg6 43. Ra7 Kf6 44. Rg2 Rc7 45. Ra6 R7c6 $11 1/2-1/2

[Event "241st YMCA Spring B"]
[Site "Warsaw"]
[Date "2021.04.28"]
[Round "3"]
[White "Nawalaniec, Adam"]
[Black "Kuznik, Kamil"]
[Result "1-0"]
[WhiteElo "1639"]
[BlackElo "1505"]
[PlyCount "119"]
[EventDate "2021.04.14"]
[EventType "tourn"]
[EventRounds "1"]
[EventCountry "POL"]
[SourceDate "2021.04.14"]

1. e4 c5 2. Nf3 d6 3. d4 cxd4 4. Nxd4 Nf6 5. Nc3 a6 6. a4 e5 7. Nb3 Be6 8. Be2
Be7 9. Be3 O-O 10. a5 Nc6 11. Bb6 Qd7 12. O-O d5 13. Bf3 d4 14. Ne2 Rac8 15.
Nc5 Bxc5 16. Bxc5 Rfe8 17. c3 Bc4 18. cxd4 Nxd4 19. Bxd4 exd4 20. Re1 d3 21.
Nc3 Re5 22. Qd2 Rce8 23. Qe3 Ng4 24. Bxg4 Qxg4 25. f4 R5e6 26. Ra4 Bb3 27. Rb4
Bc2 28. Rxb7 Rd8 29. Qd2 Qh5 30. Nd5 h6 31. Rc7 f5 32. Qc3 Qg4 33. Ne3 d2 34.
Nxg4 dxe1=Q+ 35. Qxe1 Rd1 36. Qxd1 Bxd1 37. Nf2 fxe4 38. Nxd1 e3 39. Nxe3 Rxe3
40. Rc6 Rb3 41. Rb6 Rd3 42. Rxa6 Rd1+ 43. Kf2 Rd2+ 44. Kf3 Rxb2 45. Rb6 Ra2 46.
a6 Kh7 47. f5 Ra4 48. Ke3 Kg8 49. Kd3 Kf7 50. Rb7+ Kf6 51. a7 g6 52. fxg6 Kxg6
53. Kc3 Kg5 54. Kb3 Ra1 55. Kc4 Kf5 56. Kb5 Ke6 57. Rb6+ Kd5 58. Ra6 Rb1+ 59.
Ka5 Ra1+ 60. Kb6 1-0

[Event "241st YMCA Spring B"]
[Site "Warsaw"]
[Date "2021.04.29"]
[Round "3"]
[White "Mazurek, Jerzy"]
[Black "Kwiek, Janusz"]
[Result "1-0"]
[WhiteElo "1673"]
[BlackElo "1488"]
[PlyCount "93"]
[EventDate "2021.04.14"]
[EventType "tourn"]
[EventRounds "1"]
[EventCountry "POL"]
[SourceDate "2021.04.14"]

1. c4 Nf6 2. Nc3 e6 3. e4 d6 4. g3 c5 5. Bg2 Nc6 6. Nge2 Be7 7. O-O Bd7 8. d4
cxd4 9. Nxd4 O-O 10. b3 Nxd4 11. Qxd4 Bc6 12. a4 Qa5 13. Qd2 Qh5 14. Ba3 Rfd8
15. Rfd1 Ng4 16. h3 Ne5 17. Qe3 Ng6 18. Nb5 Bxb5 19. axb5 a6 20. b6 Rab8 21.
Rd2 Rd7 22. Rad1 Rbd8 23. f4 Nf8 24. e5 g5 25. exd6 Bf6 26. c5 gxf4 27. gxf4
Ng6 28. c6 bxc6 29. Bxc6 e5 30. Kh2 exf4 31. Qf3 Qxf3 32. Bxf3 Ne5 33. Be4 Bh4
34. Bb2 f6 35. Bxe5 fxe5 36. b7 Rb8 37. Bc6 Rdd8 38. Ra2 Kf7 39. Rxa6 Ke6 40.
Ra8 Kf5 41. Rxb8 Rxb8 42. Ra1 e4 43. Ra8 Rxb7 44. Bxb7 f3 45. Bxe4+ Kxe4 46.
Kg1 Ke3 47. Kf1 1-0

[Event "241st YMCA Spring B"]
[Site "Warsaw"]
[Date "2021.04.29"]
[Round "3"]
[White "Jaroszuk, Marcin"]
[Black "Kwiecinski, Rafal"]
[Result "1-0"]
[WhiteElo "1544"]
[BlackElo "1542"]
[PlyCount "133"]
[EventDate "2021.04.14"]
[EventType "tourn"]
[EventRounds "1"]
[EventCountry "POL"]
[SourceDate "2021.04.14"]

1. Nf3 Nf6 2. g3 b6 3. Bg2 Bb7 4. O-O d6 5. d4 c5 6. c4 Qc7 7. b3 cxd4 8. Nxd4
a6 9. Bb2 Bxg2 10. Kxg2 e5 11. Nf5 Qc6+ 12. Kg1 g6 13. Ne3 h5 14. Nc3 h4 15.
Ncd5 Nbd7 16. Qc2 O-O-O 17. Rad1 Kb8 18. Nxf6 Nxf6 19. Bxe5 Be7 20. Bb2 hxg3
21. fxg3 Rxh2 22. Kxh2 Rh8+ 23. Kg1 Rh1+ 24. Kf2 Ne4+ 25. Ke1 Nxg3 26. Rxh1
Qxh1+ 27. Kd2 Qh2 28. Qd3 f5 29. Nf1 Qh6+ 30. Kc2 Ne4 31. Bd4 Kc7 32. Ng3 Nxg3
33. Qxg3 f4 34. Qf3 g5 35. Rh1 Qg6+ 36. Qd3 Qe6 37. Rh8 g4 38. Ra8 Kb7 39. Re8
Kc7 40. Kc3 Qf7 41. Ra8 Kb7 42. Rh8 Qe6 43. Rh7 Kc6 44. b4 b5 45. Bg1 Bf6+ 46.
Kb3 bxc4+ 47. Qxc4+ Qxc4+ 48. Kxc4 d5+ 49. Kb3 Kd6 50. Rh6 Ke5 51. Rg6 Kf5 52.
Rg8 Ba1 53. a4 f3 54. Rf8+ Ke4 55. Re8+ Kf4 56. Be3+ Kg3 57. exf3 Kxf3 58. Bc5
d4 59. Rf8+ Ke4 60. Rg8 Kf3 61. Rg6 d3 62. Rxa6 d2 63. Rd6 Ke2 64. a5 d1=Q+ 65.
Rxd1 Kxd1 66. a6 Ke2 67. a7 1-0

[Event "241st YMCA Spring B"]
[Site "Warsaw"]
[Date "2021.05.06"]
[Round "4"]
[White "Kwiek, Janusz"]
[Black "Jaroszuk, Marcin"]
[Result "1-0"]
[WhiteElo "1488"]
[BlackElo "1544"]
[PlyCount "99"]
[EventDate "2021.04.14"]
[EventType "tourn"]
[EventRounds "1"]
[EventCountry "POL"]
[SourceDate "2021.04.14"]

1. c4 Nf6 2. d4 e6 3. Nf3 d5 4. Nc3 c6 5. e3 Nbd7 6. Bd2 Bd6 7. cxd5 exd5 8.
Be2 O-O 9. O-O Re8 10. Rc1 Nf8 11. h3 Ng6 12. Qc2 Qe7 13. Rfd1 Ne4 14. Be1 Nh4
15. Nxh4 Qxh4 16. Nxe4 dxe4 17. f4 Qh6 18. Bg4 Bxg4 19. hxg4 g5 20. g3 Qh3 21.
Qe2 Re6 22. d5 Rh6 23. Qg2 Qxg4 24. dxc6 bxc6 25. Rd4 Rc8 26. Rxe4 Re6 27. Rxe6
Qxe6 28. Qd2 Bc7 29. Bf2 Bb6 30. b3 gxf4 31. exf4 Qh3 32. Qd3 Rd8 33. Qf3 Rd6
34. Bxb6 axb6 35. Re1 Kf8 36. Qc3 Re6 37. Rxe6 fxe6 38. a4 Ke7 39. b4 Kd7 40.
a5 bxa5 41. bxa5 Qf5 42. Kf2 Qd5 43. Ke3 Kc7 44. Qe5+ Kb7 45. Qxd5 cxd5 46. g4
Ka6 47. f5 e5 48. f6 d4+ 49. Kd3 Kb5 50. f7 1-0

[Event "241st YMCA Spring B"]
[Site "Warsaw"]
[Date "2021.05.05"]
[Round "4"]
[White "Kuznik, Kamil"]
[Black "Mazurek, Jerzy"]
[Result "0-1"]
[WhiteElo "1505"]
[BlackElo "1720"]
[PlyCount "42"]
[EventDate "2021.04.14"]
[EventType "tourn"]
[EventRounds "1"]
[EventCountry "POL"]
[SourceDate "2021.04.14"]

1. e4 c5 2. Nf3 Nc6 3. d4 cxd4 4. Nxd4 g6 5. Be3 Bg7 6. Nc3 Nf6 7. f3 O-O 8.
Qd2 d5 9. O-O-O Nxd4 10. Bxd4 dxe4 11. Nxe4 Nxe4 12. fxe4 Bxd4 13. Qxd4 Qa5 14.
Kb1 Be6 15. Bc4 Rad8 16. Bd5 Bg4 17. Bxf7+ Kxf7 18. Rhf1+ Kg8 19. Rxf8+ Rxf8
20. Qc4+ Kg7 21. Qd4+ e5 0-1

[Event "241st YMCA Spring B"]
[Site "Warsaw"]
[Date "2021.05.06"]
[Round "4"]
[White "Szumigaj, Marcin"]
[Black "Nawalaniec, Adam"]
[Result "0-1"]
[WhiteElo "1460"]
[BlackElo "1639"]
[PlyCount "64"]
[EventDate "2021.04.14"]
[EventType "tourn"]
[EventRounds "1"]
[EventCountry "POL"]
[SourceDate "2021.04.14"]

1. d4 c5 2. d5 Nf6 3. c4 e6 4. Nc3 exd5 5. cxd5 d6 6. e4 Be7 7. Nf3 O-O 8. Be2
Re8 9. O-O Bg4 10. Nd2 Bxe2 11. Qxe2 Qc8 12. Nc4 Bf8 13. f3 Qd7 14. a4 Na6 15.
Bg5 Be7 16. Qd2 Nb4 17. Rfd1 Rab8 18. Ne3 h6 19. Bf4 Nh5 20. Nf5 Nxf4 21. Qxf4
Kh8 22. Nxe7 Qxe7 23. Nb5 Rbd8 24. Nxa7 Nc2 25. Rac1 Nd4 26. Qe3 Ra8 27. Nb5
Nxb5 28. axb5 Qd7 29. b4 cxb4 30. b6 Rec8 31. Qb3 Qb5 32. Rc7 Qxb6+ 0-1

[Event "241st YMCA Spring B"]
[Site "Warsaw"]
[Date "2021.05.07"]
[Round "4"]
[White "Sloniewska, Alicja"]
[Black "Dropia, Rafal"]
[Result "0-1"]
[WhiteElo "1614"]
[BlackElo "1567"]
[PlyCount "110"]
[EventDate "2021.04.14"]
[EventType "tourn"]
[EventRounds "1"]
[EventCountry "POL"]
[SourceDate "2021.04.14"]

1. d4 Nf6 2. c4 c5 3. d5 e5 4. Nc3 d6 5. e4 Be7 6. Nf3 O-O 7. Bd3 Ne8 8. Be3
Bg4 9. h3 Bxf3 10. Qxf3 g6 11. g4 Ng7 12. h4 Nd7 13. h5 g5 14. O-O h6 15. a3 a6
16. b4 Qc7 17. Rab1 b6 18. Rb3 Rfb8 19. Rfb1 Ra7 20. Qe2 Ne8 21. Qb2 Raa8 22.
bxc5 bxc5 23. Rb7 Rxb7 24. Qxb7 Ra7 25. Qc6 Kf8 26. Bc2 Bd8 27. Qxc7 Bxc7 28.
Ne2 Nb6 29. Bd3 Ke7 30. Ng3 Ng7 31. Bxg5+ hxg5 32. h6 Ne6 33. Nf5+ Kd7 34.
dxe6+ fxe6 35. Ng7 Ra8 36. Kg2 Rh8 37. Rh1 Ke7 38. Kf3 Kf7 39. Ke3 Bd8 40. Nh5
Rxh6 41. Rb1 Ke8 42. Kd2 Kd7 43. Kc3 Kc6 44. Rd1 Rh7 45. Bc2 Rf7 46. Rd2 Rf3+
47. Bd3 Nxc4 48. Kxc4 Ba5 49. Rd1 d5+ 50. exd5+ exd5+ 51. Kb3 c4+ 52. Kc2 Rxf2+
53. Kb1 cxd3 54. Rxd3 e4 55. Re3 Bd2 0-1

[Event "241st YMCA Spring B"]
[Site "Warsaw"]
[Date "2021.05.14"]
[Round "5"]
[White "Dropia, Rafal"]
[Black "Safanowski, Tomasz"]
[Result "0-1"]
[WhiteElo "1567"]
[BlackElo "1771"]
[PlyCount "154"]
[EventDate "2021.04.14"]
[EventType "tourn"]
[EventRounds "1"]
[EventCountry "POL"]
[SourceDate "2021.04.14"]

1. d4 d6 2. c4 e5 3. d5 f5 4. e4 Nf6 5. Nc3 Be7 6. Bd3 O-O 7. exf5 e4 8. Nxe4
Nxe4 9. Bxe4 Bf6 10. Qc2 Qe7 11. Ne2 Re8 12. f3 Na6 13. O-O Bxf5 14. Bxf5 Nb4
15. Qd1 Qxe2 16. Be6+ Rxe6 17. dxe6 Qxe6 18. a3 Nc6 19. Qd5 Qxd5 20. cxd5 Nd4
21. Rb1 Re8 22. Bd2 Re5 23. Rfe1 Rxd5 24. Bc3 b5 25. Re4 Kf7 26. Kf2 c5 27. Rd1
Rh5 28. Rh1 d5 29. Ree1 a5 30. Rb1 b4 31. axb4 axb4 32. Bxd4 Bxd4+ 33. Ke2 Rh6
34. Kd2 c4 35. b3 Bc3+ 36. Kd1 cxb3 37. Rxb3 Ra6 38. Rxc3 bxc3 39. Kc2 Ra2+ 40.
Kxc3 Rxg2 41. Kd4 Ke6 42. h4 Rd2+ 43. Ke3 Ra2 44. Rg1 Ra3+ 45. Ke2 Ra2+ 46. Ke3
Rh2 47. Rxg7 Rxh4 48. Rg5 h6 49. Rg8 d4+ 50. Kd3 Ke5 51. Rf8 h5 52. Rf7 Rf4 53.
Re7+ Kf5 54. Rg7 Rxf3+ 55. Kxd4 Ra3 56. Rg8 Kf4 57. Rh8 Kg4 58. Rg8+ Kh3 59.
Ke4 h4 60. Kf4 Kh2 61. Rb8 Rg3 62. Rb2+ Rg2 63. Rb1 Ra2 64. Kg4 h3 65. Rc1 Kg2
66. Rc3 Ra4+ 67. Kg5 Re4 68. Rc2+ Kf3 69. Kf5 Re8 70. Kg5 Re2 71. Rc3+ Re3 72.
Rc4 h2 73. Rc1 Kg2 74. Rc2+ Kg1 75. Rc1+ Kf2 76. Kg4 Re1 77. Rc2+ Kg1 0-1

[Event "241st YMCA Spring B"]
[Site "Warsaw"]
[Date "2021.05.14"]
[Round "5"]
[White "Nawalaniec, Adam"]
[Black "Sloniewska, Alicja"]
[Result "1-0"]
[WhiteElo "1639"]
[BlackElo "1614"]
[PlyCount "109"]
[EventDate "2021.04.14"]
[EventType "tourn"]
[EventRounds "1"]
[EventCountry "POL"]
[SourceDate "2021.04.14"]

1. e4 c6 2. d3 d5 3. Nd2 e5 4. g3 d4 5. Bg2 Be6 6. Ne2 Bd6 7. O-O Nd7 8. f4 f6
9. Nf3 c5 10. fxe5 Nxe5 11. Nf4 Bf7 12. Bh3 Nxf3+ 13. Qxf3 Bxf4 14. Bxf4 Ne7
15. e5 fxe5 16. Bg5 Qd5 17. Qxf7+ Qxf7 18. Bd7+ Kxd7 19. Rxf7 Rae8 20. Re1 h6
21. Bxe7 Rxe7 22. Rxe7+ Kxe7 23. Rxe5+ Kd6 24. Rf5 Re8 25. Kf2 Re7 26. g4 b6
27. h4 g6 28. Rf6+ Re6 29. Rf7 a5 30. a4 Kd5 31. Rh7 g5 32. hxg5 hxg5 33. Rg7
Ke5 34. Rxg5+ Kf4 35. Rg7 Rh6 36. Kg2 Re6 37. Kf2 Rh6 38. Kg2 Re6 39. Kf1 Rh6
40. g5 Rh2 41. g6 Rxc2 42. Rf7+ Ke3 43. g7 Rc1+ 44. Kg2 Rc2+ 45. Kg1 Rc1+ 46.
Rf1 Rxf1+ 47. Kxf1 Kxd3 48. g8=Q Kc2 49. Qc4+ Kxb2 50. Ke2 Ka3 51. Qb5 c4 52.
Kd2 c3+ 53. Kc2 d3+ 54. Kxc3 d2 55. Qb3# 1-0

[Event "241st YMCA Spring B"]
[Site "Warsaw"]
[Date "2021.05.26"]
[Round "5"]
[White "Mazurek, Jerzy"]
[Black "Szumigaj, Marcin"]
[Result "1-0"]
[WhiteElo "1673"]
[BlackElo "1460"]
[PlyCount "93"]
[EventDate "2021.04.14"]
[EventType "tourn"]
[EventRounds "1"]
[EventCountry "POL"]
[SourceDate "2021.04.14"]

1. c4 Nf6 2. Nc3 e6 3. Nf3 d5 4. e3 c5 5. cxd5 exd5 6. d4 Be7 7. Bb5+ Bd7 8.
Be2 Nc6 9. dxc5 Qa5 10. O-O Qxc5 11. Nb5 O-O 12. b3 Nb4 13. Nbd4 Rfc8 14. Bb2
Qb6 15. Ne5 Be8 16. a3 Na6 17. b4 Nc7 18. Bd3 Nb5 19. Nf5 Bf8 20. Qf3 g6 21.
Ng4 Nxg4 22. Qxg4 Qe6 23. a4 Nc3 24. Qd4 gxf5 25. Bxc3 Rxc3 26. Qxc3 Bg7 27.
Qd2 Bxa1 28. Rxa1 Rc8 29. b5 Rc5 30. Rc1 b6 $11 31. Rxc5 bxc5 32. Qc2 c4 33.
Bxf5 Qe5 34. Bxh7+ Kg7 35. g4 Qa1+ 36. Kg2 c3 37. Bd3 a6 38. h4 axb5 39. axb5
Qb2 40. Qxb2 cxb2 41. b6 Bc6 42. Kg3 Kf6 43. Kf4 Bb5 44. Bb1 Bc6 45. g5+ Ke7
46. Ke5 f6+ 47. gxf6+ 1-0